Loading...
| History - Other | 0 | 5 | 1 | 0 | 45 | 57 | 64.40 | 1 | 2 | 9.01 | 12.50 |
| Fine Arts - Classical Music | 0 | 4 | 1 | 0 | 35 | 38 | 76.00 | 1 | 3 | 0.00 | 0.00 |
| Literature - American | 0 | 3 | 0 | 0 | 30 | 59 | 91.00 | 0 | 1 | 0.00 | 0.00 |
| History - World | 0 | 3 | 0 | 0 | 30 | 24 | 55.00 | 1 | 1 | 0.00 | 0.00 |
| History - American | 0 | 3 | 1 | 1 | 25 | 59 | 81.00 | 0 | 0 | 0.00 | 0.00 |
| Mythology | 0 | 3 | 1 | 0 | 25 | 35 | 57.33 | 0 | 1 | 24.98 | 33.33 |
| Fine Arts - Painting and Sculpture | 0 | 2 | 0 | 0 | 20 | 49 | 74.00 | 0 | 1 | 0.00 | 0.00 |
| Philosophy | 0 | 2 | 0 | 0 | 20 | 71 | 76.50 | 0 | 0 | 0.00 | 0.00 |
| Literature - British | 0 | 2 | 2 | 0 | 10 | 38 | 39.00 | 0 | 1 | 0.00 | 0.00 |
| Literature - European | 0 | 1 | 0 | 0 | 10 | 91 | 91.00 | 0 | 0 | 0.00 | 0.00 |
| History - European | 0 | 2 | 2 | 0 | 10 | 24 | 47.00 | 0 | 1 | 0.00 | 0.00 |
| Social Science | 0 | 1 | 0 | 0 | 10 | 19 | 19.00 | 1 | 1 | 0.00 | 0.00 |
| Fine Arts - Other | 0 | 1 | 0 | 0 | 10 | 73 | 73.00 | 0 | 0 | 13.05 | 16.67 |
| Religion | 0 | 1 | 1 | 0 | 5 | 26 | 26.00 | 0 | 1 | 0.00 | 0.00 |
| Geography | 0 | 1 | 1 | 0 | 5 | 119 | 119.00 | 0 | 0 | 0.00 | 0.00 |
| Literature - World | 0 | 0 | 1 | 0 | -5 | 0.00 | 0 | 0 | 0.00 | 0.00 | |
| Science - Chemistry | 0 | 0 | 1 | 0 | -5 | 0.00 | 0 | 0 | 0.00 | 0.00 |